|
|
|
|
| LEADER |
01003nam a22001577a 4500 |
| 082 |
|
|
|a 571.96
|b WEI.1-4
|
| 245 |
|
|
|a Weir's handbook of experimental immunology- 4 vol.
|
| 250 |
|
|
|a 5
|
| 260 |
|
|
|a USA
|b Blackwell science
|c 1996
|
| 650 |
|
|
|a v1- Immunochemistry and molecular immunology
|a v2- Cell surface and messenger molecules of the immune systems
|a v3- Lymphoid systems
|a v4- Integrated immune system
|
| 942 |
|
|
|c BK
|
| 999 |
|
|
|c 5931
|d 5931
|
| 952 |
|
|
|0 0
|1 0
|4 0
|6 571_960000000000000_WEI_14
|7 0
|8 REF
|9 7049
|a CAMPUS
|b CAMPUS
|d 2015-09-23
|l 0
|o 571.96 WEI.1-4
|p 07166
|r 2015-09-23
|w 2019-07-15
|y BK
|
| 952 |
|
|
|0 0
|1 0
|4 0
|6 571_960000000000000_WEI_14
|7 0
|8 REF
|9 7050
|a CAMPUS
|b CAMPUS
|d 2015-09-23
|l 0
|o 571.96 WEI.1-4
|p 07167
|r 2015-09-23
|w 2019-07-15
|y BK
|
| 952 |
|
|
|0 0
|1 0
|4 0
|6 571_960000000000000_WEI_14
|7 0
|8 REF
|9 7051
|a CAMPUS
|b CAMPUS
|d 2015-09-23
|l 0
|o 571.96 WEI.1-4
|p 07168
|r 2015-09-23
|w 2019-07-15
|y BK
|
| 952 |
|
|
|0 0
|1 0
|4 0
|6 571_960000000000000_WEI_14
|7 0
|8 REF
|9 7052
|a CAMPUS
|b CAMPUS
|d 2015-09-23
|l 0
|o 571.96 WEI.1-4
|p 07169
|r 2015-09-23
|w 2019-07-15
|y BK
|